La utopía mexicana del siglo XVI (Record no. 124)

MARC details
000 -CABECERA
campo de control de longitud fija 00855nam a2200229 a 4500
001 - NÚMERO DE CONTROL
campo de control BRCA_143
005 - FECHA Y HORA DE LA ÚLTIMA TRANSACCIÓN
campo de control 20190320202910.0
008 - DATOS DE LONGITUD FIJA--INFORMACIÓN GENERAL
campo de control de longitud fija 101005s1992----mx-a---###---#000-0#spa-#
020 ## - NÚMERO INTERNACIONAL ESTÁNDAR DEL LIBRO
Número Internacional Estándar del Libro 9686084487
050 #4 - SIGNATURA TOPOGRÁFICA DE LA BIBLIOTECA DEL CONGRESO
Número de clasificación N6553
Número de documento/Ítem .A78 1
-- 1992
100 1# - ENTRADA PRINCIPAL--NOMBRE DE PERSONA
Nombre de persona Tovar de Teresa, Guillermo
Fechas asociadas al nombre 1956-
9 (RLIN) 559
245 10 - MENCIÓN DE TÍTULO
Título La utopía mexicana del siglo XVI
Resto del título lo bello, lo verdadero y lo bueno
Mención de responsabilidad, etc. Guillermo Tovar de Teresa, Miguel León-Portilla, Silvio Zavala ; presentación de Octavio Paz.
260 ## - PUBLICACIÓN, DISTRIBUCIÓN, ETC.
Lugar de publicación, distribución, etc. [México]
Nombre del editor, distribuidor, etc. Grupo Azabache
Fecha de publicación, distribución, etc. 1992
300 ## - DESCRIPCIÓN FÍSICA
Extensión 108 p.
Otras características físicas il. a color
Dimensiones 29 cm.
440 #0 - MENCIÓN DE SERIE/PUNTO DE ACCESO ADICIONAL--TÍTULO
Título Arte novohispano
Designación de volumen o secuencia 1
9 (RLIN) 560
504 ## - NOTA DE BIBLIOGRAFÍA, ETC.
Nota de bibliografía, etc. Bibliografía: p. 107
651 #4 - PUNTO DE ACCESO ADICIONAL DE MATERIA--NOMBRE GEOGRÁFICO
Nombre geográfico México
Subdivisión general Historia
Subdivisión cronológica Conquista, 1519-1540
9 (RLIN) 442
700 1# - PUNTO DE ACCESO ADICIONAL--NOMBRE DE PERSONA
Nombre de persona León Portilla, Miguel
Fechas asociadas al nombre 1926-
9 (RLIN) 561
700 1# - PUNTO DE ACCESO ADICIONAL--NOMBRE DE PERSONA
Nombre de persona Zavala, Silvio Arturo
Fechas asociadas al nombre 1909-
9 (RLIN) 562
700 1# - PUNTO DE ACCESO ADICIONAL--NOMBRE DE PERSONA
Nombre de persona Paz, Octavio
Fechas asociadas al nombre 1914-1998
9 (RLIN) 563
942 ## - ELEMENTOS DE PUNTO DE ACCESO ADICIONAL (KOHA)
Fuente del sistema de clasificación o colocación Library of Congress Classification
Tipo de ítem Koha Libros
Holdings
Estado de retiro Estado de pérdida Estado dañado No para préstamo Localización permanente Ubicación/localización actual Fecha de adquisición Total de préstamos Signatura topográfica completa Código de barras Fecha visto por última vez Precio válido a partir de Tipo de ítem Koha
El ejemplar forma parte de la colección y puede ser consultado según las políticas vigentes.       Biblioteca del Museo Franz Mayer (Rogerio Casas-Alatriste) Biblioteca del Museo Franz Mayer (Rogerio Casas-Alatriste) 25/06/2008   N6553 .A78 1 1992 00926 22/03/2019 22/03/2019 Libros